000 00603npc a2200205Ia 4500
001 dg112-49966
003 IT-MiCISF
008 161014s9999||||xx | und||
040 _aIT-MiCISF
_cIT-MiCISF
041 _ait
100 _aSantolini Luisa
245 0 _aLa famiglia al centro
_bProblemi, prospettive, proposte
250 _a1a ed.
260 _a Roma
_bUdc
_c2010
300 _app. 108
500 _a / famiglia, situazione-demografica, società, politica, capitale-sociale, politica-familiare, associazionismo /
650 _afamiglia
942 _cDD
957 _71
999 _a49966
_bsi
_g1
_c207908
_d207908